[Event "FRA-chT2 0910"]
[Site "France"]
[Date "2009.12.12"]
[Round "5.5"]
[White "Relea, Nicolas"]
[Black "Lemiere, Frederic"]
[Result "1-0"]
[WhiteElo "2200"]
[BlackElo "2113"]
[PlyCount "79"]
[EventDate "2009.09.27"]
[EventType "team"]
[EventRounds "11"]
[EventCountry "FRA"]
[SourceDate "2009.07.26"]

1. Nc3 d5 2. e4 e6 3. d4 Nf6 4. Bg5 Be7 5. e5 Nfd7 6. Bxe7 Qxe7 7. Qg4 O-O 8.
O-O-O c5 9. Nb5 cxd4 10. f4 Nc6 11. Nf3 f6 12. Bd3 Nc5 13. Kb1 Bd7 14. Nbxd4 f5
15. Qh3 Ne4 16. Rhf1 Qb4 17. Bxe4 fxe4 18. c3 Qe7 19. Nxc6 bxc6 20. Nd4 c5 21.
Nc2 Ba4 22. Rd2 Bb5 23. Rff2 Bd3 24. Ka1 Bxc2 25. Rxc2 d4 26. Rce2 e3 27. Rf1
Rad8 28. Ree1 Qd7 29. g4 Rb8 30. f5 Qb7 31. Rb1 Qe4 32. f6 e2 33. Rfe1 d3 34.
g5 d2 35. Qxe6+ Kh8 36. fxg7+ Kxg7 37. Qh6+ Kh8 38. g6 Qxg6 39. Qxd2 Rfe8 40.
Rxe2 1-0

[Event "FRA-chT2 0910"]
[Site "France"]
[Date "2009.12.12"]
[Round "5.6"]
[White "Jeanjean, Dominique"]
[Black "Bedue, Julien"]
[Result "1-0"]
[WhiteElo "2114"]
[BlackElo "2086"]
[PlyCount "61"]
[EventDate "2009.09.27"]
[EventType "team"]
[EventRounds "11"]
[EventCountry "FRA"]
[SourceDate "2009.07.26"]

1. e4 e5 2. Nf3 Nf6 3. Nxe5 d6 4. Nc4 Nxe4 5. Qe2 Qe7 6. Ne3 c6 7. g3 d5 8. d4
Be6 9. Bg2 Nd7 10. O-O Qf6 11. c4 Qxd4 12. cxd5 cxd5 13. Rd1 Qe5 14. f4 Qc7 15.
f5 Bc5 16. fxe6 fxe6 17. Bxe4 dxe4 18. Nc3 O-O 19. Nxe4 Bb6 20. Kh1 Ne5 21. Ng2
Rf3 22. Bf4 Rf8 23. Qxf3 Qc4 24. Qb3 Qxe4 25. Qxe6+ Kh8 26. Bxe5 Qf3 27. Qd5
Qg4 28. Rf1 Rxf1+ 29. Rxf1 h5 30. Rf8+ Kh7 31. Qg8+ 1-0

[Event "FRA-chT2 0910"]
[Site "France"]
[Date "2009.12.12"]
[Round "5.7"]
[White "Fournier, Camille"]
[Black "Maruejols, Claude"]
[Result "0-1"]
[WhiteElo "2025"]
[BlackElo "2007"]
[PlyCount "64"]
[EventDate "2009.09.27"]
[EventType "team"]
[EventRounds "11"]
[EventCountry "FRA"]
[SourceDate "2009.07.26"]

1. d4 Nf6 2. c4 g6 3. Nc3 d5 4. Bf4 Bg7 5. e3 c5 6. Nf3 cxd4 7. Nxd4 O-O 8. Be2
Nc6 9. Nxc6 bxc6 10. O-O Be6 11. Qa4 Qb6 12. Qb3 dxc4 13. Bxc4 Bxc4 14. Qxc4
Qxb2 15. Rab1 Qa3 16. Bc7 e6 17. Rb3 Qe7 18. Ba5 Nd5 19. Na4 Rfd8 20. Qa6 Be5
21. g3 c5 22. Rb7 Qd6 23. Qc4 Qc6 24. Rb5 Bd6 25. Rc1 a6 26. Rbb1 Rab8 27. Rxb8
Rxb8 28. e4 Nf6 29. Bc3 Nxe4 30. Be1 Ng5 31. f4 Nf3+ 32. Kf2 Nxe1 0-1

[Event "FRA-chT2 0910"]
[Site "France"]
[Date "2009.12.12"]
[Round "5.8"]
[White "Giry, Jean Marc"]
[Black "Cwiek, Perrine"]
[Result "1-0"]
[WhiteElo "2008"]
[BlackElo "1828"]
[PlyCount "81"]
[EventDate "2009.09.27"]
[EventType "team"]
[EventRounds "11"]
[EventCountry "FRA"]
[SourceDate "2009.07.26"]

1. c4 e5 2. g3 Nf6 3. Bg2 Nc6 4. Nc3 Bc5 5. e3 O-O 6. a3 a5 7. Nge2 Re8 8. O-O
d6 9. h3 Bb6 10. Nd5 Ba7 11. b3 Bf5 12. d3 Nxd5 13. cxd5 Ne7 14. Bb2 c6 15.
dxc6 Nxc6 16. d4 Rc8 17. e4 Bg6 18. d5 Nb8 19. Qd2 Nd7 20. b4 Nb6 21. Qd3 Nc4
22. Bc3 Rf8 23. Kh2 f5 24. Be1 Qf6 25. exf5 Bxf5 26. Be4 Bxe4 27. Qxe4 Qh6 28.
Kg2 Nd2 29. Bxd2 Qxd2 30. Rad1 Rxf2+ 31. Rxf2 Qxd1 32. Qf5 Bxf2 33. Qxc8+ Kf7
34. Qe6+ Kf8 35. Qxd6+ Kf7 36. Kxf2 axb4 37. axb4 Qc2 38. Qxe5 Qc4 39. Qf4+
Qxf4+ 40. Nxf4 Ke7 41. Ke3 1-0

[Event "FRA-chT2 0910"]
[Site "France"]
[Date "2009.12.12"]
[Round "5.1"]
[White "Franca, Ricardo Bedin"]
[Black "Petrossian, Armen"]
[Result "1-0"]
[WhiteElo "2296"]
[BlackElo "2421"]
[PlyCount "83"]
[EventDate "2009.09.27"]
[EventType "team"]
[EventRounds "11"]
[EventCountry "FRA"]
[SourceDate "2009.07.26"]

1. e4 c6 2. d4 d5 3. Nd2 dxe4 4. Nxe4 Bf5 5. Ng3 Bg6 6. Nf3 Nd7 7. h4 h6 8. h5
Bh7 9. Bd3 Bxd3 10. Qxd3 e6 11. Bf4 Ngf6 12. Kf1 Be7 13. Ne4 Nxe4 14. Qxe4 Qa5
15. Qe2 Qf5 16. Be5 Nxe5 17. Nxe5 O-O 18. Rd1 Bf6 19. Qd3 Qxd3+ 20. Rxd3 Rfd8
21. f4 c5 22. dxc5 Bxe5 23. fxe5 Rxd3 24. cxd3 Rd8 25. Ke2 Rd5 26. b4 Rxe5+ 27.
Kf3 Rd5 28. Ke4 f5+ 29. Ke3 Kf7 30. Rc1 Kf6 31. Rc4 e5 32. b5 Ke6 33. c6 bxc6
34. Rxc6+ Rd6 35. Rxd6+ Kxd6 36. d4 e4 37. a4 Kd5 38. a5 f4+ 39. Kd2 Kd6 40.
Ke2 Kc7 41. d5 Kd6 42. a6 1-0

[Event "FRA-chT2 0910"]
[Site "France"]
[Date "2009.12.12"]
[Round "5.2"]
[White "Remille, Tristan"]
[Black "Gachon, Lionel"]
[Result "0-1"]
[WhiteElo "2206"]
[BlackElo "2288"]
[PlyCount "78"]
[EventDate "2009.09.27"]
[EventType "team"]
[EventRounds "11"]
[EventCountry "FRA"]
[SourceDate "2009.07.26"]

1. d4 b6 2. e4 Bb7 3. Nc3 e6 4. Nf3 d6 5. Bd3 Nd7 6. O-O g6 7. e5 d5 8. Ne2 Ne7
9. Nf4 Bg7 10. Ng5 O-O 11. Ngxe6 fxe6 12. Nxe6 Qc8 13. Nxf8 Nxf8 14. h4 Ba6 15.
Bxa6 Qxa6 16. Re1 Ne6 17. Qg4 Qc8 18. Bg5 Nf5 19. Rad1 h5 20. Qf3 Qd7 21. c4 c6
22. Qc3 Rc8 23. b3 Kh7 24. c5 bxc5 25. dxc5 Re8 26. Bf6 d4 27. Qc4 Nf4 28. Bxg7
Kxg7 29. Re4 Ne6 30. b4 Qe7 31. g3 Qd7 32. a4 Nc7 33. b5 cxb5 34. c6 bxc4 35.
cxd7 Rd8 36. e6 c3 37. Rc1 Kf6 38. e7 Rxd7 39. e8=Q Nxe8 0-1

[Event "FRA-chT2 0910"]
[Site "France"]
[Date "2009.12.12"]
[Round "5.3"]
[White "Sanchez, Nicolas"]
[Black "Jean, Olivier"]
[Result "0-1"]
[WhiteElo "2178"]
[BlackElo "2182"]
[PlyCount "76"]
[EventDate "2009.09.27"]
[EventType "team"]
[EventRounds "11"]
[EventCountry "FRA"]
[SourceDate "2009.07.26"]

1. d4 Nf6 2. c4 g6 3. Nc3 Bg7 4. e4 d6 5. Nf3 O-O 6. Be2 e5 7. O-O a6 8. d5
Nbd7 9. Bg5 h6 10. Bh4 Qe8 11. Nd2 Nh7 12. Re1 h5 13. f3 Bh6 14. Bf1 f5 15. b4
Bxd2 16. Qxd2 f4 17. Rec1 g5 18. Bf2 g4 19. Kh1 Qg6 20. c5 Kh8 21. cxd6 cxd6
22. Qd1 Rg8 23. Na4 Ng5 24. Rc2 gxf3 25. gxf3 Nxe4 26. Bg3 fxg3 27. fxe4 Qxe4+
28. Bg2 Qh4 29. Bf3 Nf6 30. Nb6 Bf5 31. Rg2 Raf8 32. Qd2 Kh7 33. Rc1 Rg7 34.
Rc4 Ng4 35. Qe2 e4 36. Bxe4 Nf2+ 37. Rxf2 Bxe4+ 38. Rxe4 gxf2 0-1

[Event "FRA-chT2 0910"]
[Site "France"]
[Date "2009.12.12"]
[Round "5.4"]
[White "Gaubil, Olivier"]
[Black "Iwanesko, Alexandre"]
[Result "1/2-1/2"]
[WhiteElo "2102"]
[BlackElo "2195"]
[PlyCount "110"]
[EventDate "2009.09.27"]
[EventType "team"]
[EventRounds "11"]
[EventCountry "FRA"]
[SourceDate "2009.07.26"]

1. Nf3 Nf6 2. d4 c5 3. c3 g6 4. Nbd2 Bg7 5. dxc5 Na6 6. Nb3 O-O 7. Be3 b6 8. c6
dxc6 9. Qxd8 Rxd8 10. Bd4 c5 11. Be5 Bb7 12. e3 Nb8 13. Bc4 Nc6 14. Bg3 Ne4 15.
Ke2 Nxg3+ 16. hxg3 Ne5 17. Nxe5 Bxe5 18. f3 Bc6 19. Kf2 Rd7 20. Rad1 Rad8 21.
Be2 a5 22. Rxd7 Rxd7 23. Rd1 Ra7 24. f4 Bf6 25. Rd8+ Kg7 26. Rb8 Rb7 27. Rxb7
Bxb7 28. Nd2 a4 29. a3 Bc6 30. Nc4 b5 31. Na5 Be8 32. e4 e5 33. Nb7 exf4 34.
gxf4 Be7 35. e5 b4 36. Nd6 bxa3 37. bxa3 Bc6 38. Bb5 Bxb5 39. Nxb5 c4 40. Ke3
f6 41. Kd4 fxe5+ 42. fxe5 h5 43. Kxc4 g5 44. Kd5 h4 45. Nd6 g4 46. Ke4 Bg5 47.
Nc4 Kf7 48. Nb2 Bc1 49. Nxa4 Bxa3 50. Nb6 Bb2 51. Nd5 h3 52. gxh3 gxh3 53. Kf3
h2 54. Kg2 Bxc3 55. Kxh2 Bxe5+ 1/2-1/2

[Event "FRA-chT2 0910"]
[Site "France"]
[Date "2009.12.12"]
[Round "5.5"]
[White "Bolon, Karelle"]
[Black "Fortuit, Nicolas"]
[Result "1-0"]
[WhiteElo "2099"]
[BlackElo "2118"]
[PlyCount "105"]
[EventDate "2009.09.27"]
[EventType "team"]
[EventRounds "11"]
[EventCountry "FRA"]
[SourceDate "2009.07.26"]

1. d4 Nf6 2. Bg5 d5 3. e3 Ne4 4. Bf4 Bf5 5. f3 Nd6 6. Nd2 e6 7. a3 Nd7 8. Ne2
h5 9. Nc3 Qf6 10. h4 Qg6 11. Rc1 c6 12. Qe2 O-O-O 13. e4 dxe4 14. Ndxe4 Nxe4
15. fxe4 Bg4 16. Qe3 f6 17. Bd3 e5 18. dxe5 Bc5 19. Qg3 fxe5 20. Be3 Rhf8 21.
Na4 Qd6 22. b4 Bxb4+ 23. axb4 Qxb4+ 24. c3 Qxa4 25. Bf2 Nf6 26. Qe3 Rxd3 27.
Qxd3 Qxe4+ 28. Qxe4 Nxe4 29. O-O Be2 30. Rfe1 Rxf2 31. Rc2 Rf4 32. Rcxe2 Nxc3
33. Rxe5 Nd5 34. Rxh5 a5 35. Rc1 Kd7 36. Rg5 Rf7 37. Rg6 a4 38. Rc4 Nf4 39. Rg4
Ne2+ 40. Kh2 b5 41. Rc2 Re7 42. Rg5 a3 43. Rg4 Kc7 44. Ra2 Re3 45. Rxg7+ Kb6
46. h5 b4 47. h6 Re6 48. Rxe2 Rxh6+ 49. Kg3 c5 50. Kf4 b3 51. Re8 Kb5 52. Rb7+
Kc4 53. Re4+ 1-0

[Event "FRA-chT2 0910"]
[Site "France"]
[Date "2009.12.12"]
[Round "5.6"]
[White "Deschamps, Remi"]
[Black "Daloz, Jean Michel"]
[Result "1-0"]
[WhiteElo "2088"]
[BlackElo "2165"]
[PlyCount "43"]
[EventDate "2009.09.27"]
[EventType "team"]
[EventRounds "11"]
[EventCountry "FRA"]
[SourceDate "2009.07.26"]

1. e4 c5 2. c3 Nf6 3. e5 Nd5 4. d4 cxd4 5. cxd4 Nc6 6. Nc3 Nxc3 7. bxc3 d5 8.
Bd3 g6 9. Ne2 Bf5 10. Bxf5 gxf5 11. e6 fxe6 12. Nf4 Qd6 13. Qh5+ Kd7 14. Nd3
Bg7 15. Bf4 Qa3 16. Nc5+ Kc8 17. O-O Nxd4 18. cxd4 Bxd4 19. Nxe6 Bxa1 20. Qxf5
Re8 21. Nc5+ e6 22. Qf7 1-0

[Event "FRA-chT2 0910"]
[Site "France"]
[Date "2009.12.12"]
[Round "5.7"]
[White "Juglard, Eric"]
[Black "Srdoc, Nenad"]
[Result "1/2-1/2"]
[WhiteElo "2131"]
[BlackElo "1981"]
[PlyCount "81"]
[EventDate "2009.09.27"]
[EventType "team"]
[EventRounds "11"]
[EventCountry "FRA"]
[SourceDate "2009.07.26"]

1. d4 d5 2. Nc3 c6 3. e4 dxe4 4. Nxe4 Nf6 5. Nxf6+ gxf6 6. Nf3 Bf5 7. Bd3 Bxd3
8. Qxd3 e6 9. Bf4 Bd6 10. Bg3 Qc7 11. O-O-O Nd7 12. Kb1 O-O-O 13. c4 c5 14.
Bxd6 Qxd6 15. Qa3 Qb6 16. d5 a6 17. Rhe1 Rde8 18. dxe6 fxe6 19. Re3 Qb4 20.
Qxb4 cxb4 21. Nd4 Nc5 22. Rde1 e5 23. Nf5 Kc7 24. Rg3 Rhg8 25. Ne7 Rxg3 26.
Nd5+ Kd6 27. hxg3 f5 28. Rh1 Ne4 29. Rxh7 Nxf2 30. Rxb7 Ne4 31. Nxb4 Nd2+ 32.
Kc1 Nxc4 33. Nd3 Rg8 34. Ra7 Rxg3 35. Rxa6+ Kd5 36. Ne1 Re3 37. Nf3 e4 38. b3
exf3 39. bxc4+ Kxc4 40. gxf3 Rxf3 41. Kd2 1/2-1/2

[Event "FRA-chT2 0910"]
[Site "France"]
[Date "2009.12.12"]
[Round "5.1"]
[White "Anic, Darko"]
[Black "Armas, Julius"]
[Result "1/2-1/2"]
[WhiteElo "2444"]
[BlackElo "2340"]
[PlyCount "46"]
[EventDate "2009.09.27"]
[EventType "team"]
[EventRounds "11"]
[EventCountry "FRA"]
[SourceDate "2009.07.26"]
[WhiteTeam "Lodève"]

1. Nf3 d6 2. d4 g6 3. g3 Bg7 4. Bg2 Nd7 5. O-O h6 6. e4 e5 7. c3 Ngf6 8. Re1
O-O 9. Na3 Qe7 10. Nc4 Nb6 11. Na5 c6 12. h3 Qc7 13. dxe5 dxe5 14. Qc2 Be6 15.
Bf1 Nbd7 16. b4 c5 17. Qe2 Rfc8 18. Nd2 cxb4 19. cxb4 Qc3 20. Rb1 Bxa2 21. Rb2
Be6 22. Nxb7 Bf8 23. Nb1 Qc7 1/2-1/2

[Event "FRA-chT2 0910"]
[Site "France"]
[Date "2009.12.12"]
[Round "5.2"]
[White "Champ, Gael"]
[Black "Collas, Didier"]
[Result "0-1"]
[WhiteElo "2103"]
[BlackElo "2421"]
[PlyCount "72"]
[EventDate "2009.09.27"]
[EventType "team"]
[EventRounds "11"]
[EventCountry "FRA"]
[SourceDate "2009.07.26"]

1. e4 c6 2. d4 d5 3. e5 c5 4. c3 Nc6 5. Nf3 Bg4 6. Be2 e6 7. Nbd2 Nge7 8. h3
Bxf3 9. Nxf3 cxd4 10. cxd4 Nf5 11. O-O Qb6 12. Be3 Be7 13. Bd3 O-O 14. Bxf5
exf5 15. Qd3 g6 16. a3 Rfc8 17. b4 Nd8 18. Qb3 Qb5 19. Rfc1 Ne6 20. Bd2 Bd8 21.
a4 Qd7 22. b5 Bb6 23. Qd3 Rc4 24. Rxc4 dxc4 25. Qxc4 Rc8 26. Qa2 Bxd4 27. Re1
a6 28. bxa6 bxa6 29. Ng5 Re8 30. Nf3 Rc8 31. Ng5 Rc6 32. h4 Bxf2+ 33. Kxf2 Qd4+
34. Kf1 Qd3+ 35. Kg1 Rc2 36. Qb1 Qxd2 0-1

[Event "FRA-chT2 0910"]
[Site "France"]
[Date "2009.12.12"]
[Round "5.3"]
[White "Boyd, Stephen"]
[Black "Prevot, Jean Luc"]
[Result "1-0"]
[WhiteElo "2303"]
[BlackElo "2096"]
[PlyCount "85"]
[EventDate "2009.09.27"]
[EventType "team"]
[EventRounds "11"]
[EventCountry "FRA"]
[SourceDate "2009.07.26"]

1. c4 c6 2. e4 d5 3. exd5 cxd5 4. cxd5 Nf6 5. Nc3 Nxd5 6. Nf3 Nxc3 7. bxc3 g6
8. d4 Bg7 9. Be2 O-O 10. O-O Nc6 11. Be3 e5 12. d5 Ne7 13. c4 b5 14. d6 Nf5 15.
c5 a6 16. Rc1 Be6 17. Qd2 Rc8 18. a4 Bd7 19. Bg5 Qe8 20. axb5 axb5 21. Rfd1 f6
22. Be3 Rf7 23. Ne1 Nxe3 24. Qxe3 f5 25. Nf3 h6 26. Re1 Bc6 27. Bd1 f4 28. Qd2
e4 29. Bb3 Kh7 30. Nd4 Rf6 31. Nxc6 Qxc6 32. Bd5 e3 33. fxe3 fxe3 34. Qd3 Qd7
35. Qxe3 Rcf8 36. Be6 Qc6 37. Bg4 Rf4 38. Bf3 Qxf3 39. Qxf3 Rxf3 40. gxf3 Bd4+
41. Kg2 Rf5 42. c6 Rg5+ 43. Kh1 1-0

[Event "FRA-chT2 0910"]
[Site "France"]
[Date "2009.12.12"]
[Round "5.4"]
[White "Wohlers Armas, Friederike"]
[Black "Garrido, Denis"]
[Result "1/2-1/2"]
[WhiteElo "2029"]
[BlackElo "2294"]
[PlyCount "57"]
[EventDate "2009.09.27"]
[EventType "team"]
[EventRounds "11"]
[EventCountry "FRA"]
[SourceDate "2009.07.26"]

1. d4 Nf6 2. c4 c5 3. d5 d6 4. Nc3 g6 5. e4 Bg7 6. f3 O-O 7. Be3 e6 8. Bd3 exd5
9. cxd5 a6 10. a4 Qa5 11. Nge2 Nbd7 12. O-O Ne5 13. Kh1 Nfd7 14. f4 Nxd3 15.
Qxd3 Qc7 16. Ng3 Rb8 17. e5 dxe5 18. d6 Qb6 19. a5 Qb3 20. f5 b5 21. Qd2 Bb7
22. Bh6 Bxh6 23. Qxh6 Nf6 24. Qg5 Qxb2 25. Nge2 Kg7 26. Rab1 Qc2 27. Rbc1 Qb2
28. Rb1 Qc2 29. Rbc1 1/2-1/2

[Event "FRA-chT2 0910"]
[Site "France"]
[Date "2009.12.12"]
[Round "5.5"]
[White "Leygue, Dominique"]
[Black "Bastin, Stephane"]
[Result "1-0"]
[WhiteElo "2257"]
[BlackElo "1984"]
[PlyCount "37"]
[EventDate "2009.09.27"]
[EventType "team"]
[EventRounds "11"]
[EventCountry "FRA"]
[SourceDate "2009.07.26"]

1. e4 e5 2. Nf3 Nc6 3. Bc4 Bc5 4. b4 Bxb4 5. c3 Be7 6. d4 d6 7. dxe5 Be6 8.
Bxe6 fxe6 9. Qb3 Qd7 10. Nd4 Nxe5 11. O-O Bf6 12. Nxe6 Ne7 13. Bg5 Rg8 14. f4
Nf7 15. Nd2 Nd8 16. Nxd8 Kxd8 17. e5 dxe5 18. Ne4 c6 19. Qf7 1-0

[Event "FRA-chT2 0910"]
[Site "France"]
[Date "2009.12.12"]
[Round "5.6"]
[White "Armas, Lena"]
[Black "Guennoun, Anthony"]
[Result "1/2-1/2"]
[WhiteElo "1796"]
[BlackElo "2148"]
[PlyCount "115"]
[EventDate "2009.09.27"]
[EventType "team"]
[EventRounds "11"]
[EventCountry "FRA"]
[SourceDate "2009.07.26"]

1. e4 c5 2. Nf3 Nc6 3. Bc4 e6 4. d3 d5 5. exd5 exd5 6. Bb3 Be7 7. c3 Nf6 8. O-O
O-O 9. Re1 Bf5 10. d4 c4 11. Bc2 Bxc2 12. Qxc2 Ne4 13. Bf4 Qd7 14. h3 f5 15.
Nbd2 Bf6 16. Rad1 Rae8 17. Ne5 Bxe5 18. dxe5 Qe6 19. Nf3 Nc5 20. Nd4 Nxd4 21.
cxd4 Nd3 22. Rxd3 cxd3 23. Qxd3 Rc8 24. Bd2 Rc6 25. Rc1 Rxc1+ 26. Bxc1 Qc6 27.
Bd2 g6 28. Qb3 b6 29. Bc3 Kf7 30. a3 Rc8 31. Qc2 Qc4 32. Qd2 Qc7 33. Qc2 Ke6
34. Qd2 Qg7 35. Qd3 g5 36. Qf3 g4 37. Qg3 Qg5 38. h4 Qc1+ 39. Kh2 h5 40. Qe3
Qxe3 41. fxe3 Rc6 42. g3 a5 43. Kg1 Rc4 44. Kf1 Ra4 45. Ke2 b5 46. Kd3 b4 47.
axb4 axb4 48. b3 Ra3 49. Bxb4 Rxb3+ 50. Bc3 Rb1 51. Ke2 Rc1 52. Bb4 Rc2+ 53.
Kf1 Rb2 54. Bf8 Kd7 55. Bh6 Rc2 56. Bf4 Ra2 57. Bg5 Ke6 58. Bf4 1/2-1/2

[Event "FRA-chT2 0910"]
[Site "France"]
[Date "2009.12.12"]
[Round "5.7"]
[White "Serreau, David"]
[Black "Teyssier, Jean Paul"]
[Result "1-0"]
[WhiteElo "2175"]
[BlackElo "1728"]
[PlyCount "37"]
[EventDate "2009.09.27"]
[EventType "team"]
[EventRounds "11"]
[EventCountry "FRA"]
[SourceDate "2009.07.26"]

1. Nf3 e6 2. c4 Nf6 3. g3 b6 4. Bg2 Bb7 5. O-O Be7 6. b3 d6 7. d4 c5 8. Bb2
cxd4 9. Qxd4 Nbd7 10. Nc3 Qc7 11. Nb5 Qc6 12. a4 g5 13. Rad1 Kf8 14. Nxd6 e5
15. Qd2 Bxd6 16. Qxd6+ Qxd6 17. Rxd6 Ke7 18. Rfd1 Ne4 19. Rxd7+ 1-0

[Event "FRA-chT2 0910"]
[Site "France"]
[Date "2009.12.12"]
[Round "5.1"]
[White "Midoux, Sebastien"]
[Black "Favarel, Julien"]
[Result "1-0"]
[WhiteElo "2351"]
[BlackElo "2311"]
[PlyCount "153"]
[EventDate "2009.09.27"]
[EventType "team"]
[EventRounds "11"]
[EventCountry "FRA"]
[SourceDate "2009.07.26"]

1. Nf3 Nf6 2. c4 g6 3. Nc3 Bg7 4. g3 O-O 5. Bg2 d6 6. O-O e5 7. d3 h6 8. Rb1 a5
9. a3 Re8 10. Nd2 c6 11. b4 axb4 12. axb4 d5 13. Qc2 Be6 14. b5 Nbd7 15. bxc6
bxc6 16. Bb2 d4 17. Nce4 Nxe4 18. Nxe4 Qc7 19. Ra1 Bf8 20. Rfb1 Reb8 21. Bc1
Rxb1 22. Qxb1 Rb8 23. Qc2 Kg7 24. Nd2 Nc5 25. Rb1 Rxb1 26. Qxb1 Na4 27. Qc2 Nc3
28. Ne4 Nxe4 29. Bxe4 Qb6 30. h4 h5 31. Kg2 c5 32. Qa2 Be7 33. Qd2 Bf8 34. Qg5
Qd6 35. Qh6+ Kg8 36. Qd2 Qd7 37. Qb2 Qd6 38. Qb7 Qd7 39. Qa8 Qc8 40. Qa5 Qd7
41. Bg5 Kg7 42. Bd8 Be7 43. Bb6 Qc8 44. Bc7 f6 45. Qb6 Bf7 46. Qa7 Qd7 47. Qb7
Bf8 48. Bc6 Qe7 49. Qb8 Be6 50. Bd8 Qf7 51. Bb6 Qe7 52. Bd5 Qd7 53. Bxe6 Qxe6
54. Qc7+ Qe7 55. Qc6 Qd6 56. Qb7+ Qe7 57. Qd5 Qd6 58. Bd8 Be7 59. Bxe7 Qxe7 60.
Kf3 f5 61. Qc6 Kf7 62. e4 Kg7 63. Ke2 fxe4 64. Qxe4 Qd6 65. Qb7+ Kh6 66. Qf7
Qb6 67. Qd5 Qc7 68. Kf3 Kg7 69. Ke4 Kf6 70. Qa8 Kf7 71. Kd5 Ke7 72. Qg8 Qd6+
73. Ke4 Qc6+ 74. Qd5 Qb6 75. Qxe5+ Kf7 76. Kd5 Qa7 77. Kc6 1-0

[Event "FRA-chT2 0910"]
[Site "France"]
[Date "2009.12.12"]
[Round "5.2"]
[White "Marciniak, Alexandre"]
[Black "Montagard, Guillaume"]
[Result "0-1"]
[WhiteElo "2138"]
[BlackElo "2241"]
[PlyCount "63"]
[EventDate "2009.09.27"]
[EventType "team"]
[EventRounds "11"]
[EventCountry "FRA"]
[SourceDate "2009.07.26"]

1. e4 Nf6 2. e5 Nd5 3. d4 d6 4. c4 Nb6 5. exd6 cxd6 6. Nc3 g6 7. Be3 Bg7 8. Rc1
O-O 9. b3 a5 10. Be2 Na6 11. Nf3 a4 12. Qd2 axb3 13. axb3 Bf5 14. O-O Nb4 15.
Nb5 Nc6 16. Ra1 d5 17. c5 Rxa1 18. Rxa1 Nd7 19. Ra4 Nf6 20. Nc3 Ne4 21. Nxe4
dxe4 22. Ne1 Be6 23. Bc4 Bxc4 24. Rxc4 Qd5 25. Nc2 Rd8 26. Nb4 Nxb4 27. Qxb4 e5
28. g3 exd4 29. Bf4 Ra8 30. Rc1 e3 31. Qc4 exf2+ 32. Kxf2 0-1

[Event "FRA-chT2 0910"]
[Site "France"]
[Date "2009.12.12"]
[Round "5.3"]
[White "Gaudineau, Eric"]
[Black "Grizou, Regis"]
[Result "1-0"]
[WhiteElo "2333"]
[BlackElo "2190"]
[PlyCount "123"]
[EventDate "2009.09.27"]
[EventType "team"]
[EventRounds "11"]
[EventCountry "FRA"]
[SourceDate "2009.07.26"]

1. e4 c5 2. Nf3 e6 3. d4 cxd4 4. Nxd4 a6 5. Bd3 Nf6 6. O-O d6 7. Qe2 Be7 8. c4
Nc6 9. Nxc6 bxc6 10. Nc3 e5 11. c5 dxc5 12. Na4 O-O 13. Be3 Nd7 14. Rac1 Qa5
15. b3 Rd8 16. Rfd1 Bb7 17. f3 Qc7 18. Qf2 a5 19. Qe2 Nf8 20. Bxc5 Bxc5+ 21.
Nxc5 Rd4 22. Qc2 Rad8 23. Be2 Bc8 24. Rxd4 Rxd4 25. Kf1 Ng6 26. g3 h5 27. Rd1
Qd8 28. Ke1 h4 29. Qc3 hxg3 30. hxg3 Rxd1+ 31. Bxd1 Qg5 32. Kf2 Qh6 33. Qxa5
Qh2+ 34. Ke3 Qxg3 35. Qd8+ Kh7 36. Nd3 Ba6 37. Bc2 Nf4 38. Nxe5 Ng2+ 39. Kd4
c5+ 40. Kxc5 Qxe5+ 41. Kb4 g6 42. Qd5 Qf4 43. a4 Ne1 44. Qd1 Nxf3 45. Ka5 Bb7
46. Qd7 Ne5 47. Qxb7 Qd2+ 48. Kb6 Qxc2 49. Qd5 Qc3 50. a5 Qb4+ 51. Ka7 Qe7+ 52.
Ka6 g5 53. b4 g4 54. b5 g3 55. Qd2 Qe6+ 56. b6 Qc4+ 57. Ka7 Nc6+ 58. Kb7 Nxa5+
59. Qxa5 Qxe4+ 60. Ka7 Kg6 61. b7 g2 62. Qb6+ 1-0

[Event "FRA-chT2 0910"]
[Site "France"]
[Date "2009.12.12"]
[Round "5.4"]
[White "Fantinel, Thibault"]
[Black "Abello, Sebastien"]
[Result "1/2-1/2"]
[WhiteElo "2145"]
[BlackElo "2285"]
[PlyCount "158"]
[EventDate "2009.09.27"]
[EventType "team"]
[EventRounds "11"]
[EventCountry "FRA"]
[SourceDate "2009.07.26"]

1. c4 Nf6 2. g3 g6 3. Bg2 Bg7 4. Nc3 O-O 5. d3 d6 6. Bg5 c5 7. Qd2 Nc6 8. Bh6
Rb8 9. h4 Bxh6 10. Qxh6 Ng4 11. Qd2 h5 12. Nf3 a6 13. O-O b5 14. Rac1 Nce5 15.
cxb5 axb5 16. d4 Nxf3+ 17. exf3 Nf6 18. dxc5 dxc5 19. Qe3 Qb6 20. Rfd1 Be6 21.
f4 Rfd8 22. Rxd8+ Rxd8 23. b4 Rc8 24. Ne2 Bc4 25. bxc5 Qxc5 26. Qxc5 Rxc5 27.
Nd4 Nd7 28. a3 e5 29. fxe5 Rxe5 30. Bc6 Nb6 31. Rb1 Bd3 32. Rb4 Nd5 33. Bxd5
Rxd5 34. a4 bxa4 35. Rxa4 Rc5 36. Ra1 Be4 37. Re1 Bb7 38. Rb1 Bd5 39. Ne2 Rc2
40. Nf4 Bf3 41. Ng2 Ra2 42. Ne3 Kg7 43. Re1 f6 44. Nc4 Ra7 45. Nd6 Rd7 46. Nc4
Rd4 47. Ne3 Kf7 48. Rc1 Ra4 49. Nc4 Ra6 50. Re1 Rc6 51. Ne3 Rc5 52. Nf1 g5 53.
Nd2 Ba8 54. Ne4 Ra5 55. Nd6+ Kg6 56. hxg5 fxg5 57. Nc4 Ra2 58. Ne3 Kf6 59. Rb1
Bc6 60. Ng2 Ra6 61. Kh2 Ba8 62. Rb5 Ra2 63. Kg1 Ra1+ 64. Kh2 Ra2 65. Kg1 Ra1+
66. Kh2 Rf1 67. Rb2 Bf3 68. Ra2 Ke6 69. Rd2 Ke5 70. Ra2 Kd4 71. Rd2+ Kc3 72.
Ra2 g4 73. Rc2+ Kd3 74. Ra2 Rb1 75. Ra3+ Kd4 76. Ra2 Rf1 77. Rd2+ Kc3 78. Rc2+
Kd3 79. Ra2 Kc3 1/2-1/2

[Event "FRA-chT2 0910"]
[Site "France"]
[Date "2009.12.12"]
[Round "5.5"]
[White "Peray, Sebastien"]
[Black "Marciniak, Gerard"]
[Result "1/2-1/2"]
[WhiteElo "2210"]
[BlackElo "2127"]
[PlyCount "76"]
[EventDate "2009.09.27"]
[EventType "team"]
[EventRounds "11"]
[EventCountry "FRA"]
[SourceDate "2009.07.26"]

1. e4 g6 2. d4 Bg7 3. Nc3 d6 4. Be3 a6 5. Qd2 b5 6. O-O-O Bb7 7. f3 Nd7 8. g4
Rc8 9. h4 h5 10. gxh5 Rxh5 11. Bh3 e6 12. Nge2 Rxh4 13. d5 b4 14. dxe6 Rxh3 15.
exd7+ Qxd7 16. Nd5 Rxh1 17. Rxh1 Qa4 18. Qxb4 Qxb4 19. Nxb4 c5 20. Nd3 Nf6 21.
c4 Ke7 22. Nef4 Rb8 23. b3 a5 24. e5 Nd7 25. exd6+ Kxd6 26. Rh7 Rg8 27. Rh3 Rh8
28. Rxh8 Bxh8 29. a4 Bxf3 30. Bd2 g5 31. Nh3 f6 32. Bxa5 Bg2 33. Nhf2 g4 34.
Nf4 Bf3 35. Bc3 Bg7 36. Nh5 Bh6+ 37. Bd2 Bxd2+ 38. Kxd2 Ke5 1/2-1/2

[Event "FRA-chT2 0910"]
[Site "France"]
[Date "2009.12.12"]
[Round "5.6"]
[White "Le Hetet, Nicolas"]
[Black "Diaz, Mickael"]
[Result "1/2-1/2"]
[WhiteElo "2130"]
[BlackElo "2235"]
[PlyCount "91"]
[EventDate "2009.09.27"]
[EventType "team"]
[EventRounds "11"]
[EventCountry "FRA"]
[SourceDate "2009.07.26"]

1. e4 c5 2. Nf3 Nc6 3. d4 cxd4 4. Nxd4 g6 5. g3 Bg7 6. Ne2 Nf6 7. Nbc3 O-O 8.
Bg2 d6 9. O-O Bd7 10. h3 Rc8 11. Nd5 Re8 12. Be3 b5 13. g4 Na5 14. Bd4 Nxd5 15.
exd5 Qc7 16. Bxg7 Kxg7 17. Rc1 Nc4 18. Re1 Qc5 19. b3 Nb6 20. c3 Kg8 21. Ng3
Kg7 22. Qd2 Rc7 23. Be4 Bc8 24. Nh5+ gxh5 25. Qg5+ Kh8 26. Qxh5 f5 27. Qxe8+
Kg7 28. Bxf5 Nxd5 29. Bb1 e5 30. Qh5 Kg8 31. Qg5+ Kh8 32. b4 Qb6 33. Qd8+ Kg7
34. Qh4 Kg8 35. Be4 Nf4 36. Rc2 Rg7 37. Kh2 Bb7 38. f3 Bxe4 39. Rxe4 Qc7 40.
Qf6 Rg6 41. Qf5 Nd5 42. f4 Rf6 43. Qg5+ Rg6 44. Qf5 Rf6 45. Qg5+ Rg6 46. Qf5
1/2-1/2